| 000 | 00476nam a22001817a 4500 | ||
|---|---|---|---|
| 003 | MPLRDC | ||
| 005 | 20220104123452.0 | ||
| 008 | 210129b ||||| |||| 00| 0 eng d | ||
| 020 | _a7-5057-0074-X | ||
| 082 | _a424.1 MLDS | ||
| 100 | _a布朗温. 梅雷迪思 | ||
| 245 |
_a美容与美姿: 美与健康的新观念 _c张琰译 |
||
| 250 | _a一版一刷 | ||
| 260 |
_a _b中国友谊出版公司 _c1988 |
||
| 300 | _b平 | ||
| 650 | _a美容 | ||
| 942 |
_cBK _o424.1 MLDS |
||
| 999 |
_c11660 _d11650 |
||